000 00357nam a22001337a 4500
003 SGT
020 _a9789351867265
082 _a920
_bA16S
100 _aसत्यार्थी, कैलाश
245 _aआज़ाद बचपन की ओर
260 _bप्रभात प्रकाशन
_c2016
300 _a240
942 _2ddc
_cBK
999 _c31944
_d31944